000 01940cam a22004338i 4500
001 18767575
003 LC
005 20170207170839.0
008 150902s2015 nju b 001 0 eng
010 _a 2015023709
020 _a9781118831878 (hardback)
020 _a9781118831885 (paper)
040 _aDLC
_beng
_cDLC
_erda
042 _apcc
050 0 0 _aP128.D37
_bW45 2016
082 0 0 _a410.1/88
084 _aLAN009000
_2bisacsh
100 1 _aWeisser, Martin,
_eauthor.
245 1 0 _aPractical corpus linguistics :
_ban introduction to corpus-based language analysis /
_cMartin Weisser.
250 _aFirst edition.
260 _aMalden, MA :
_bWiley Blackwell,
_cc2016
263 _a1111
300 _axviii, 287 pages :
_c25 cm
504 _aIncludes bibliographical references and index.
520 _a"Introduces a number of easy-to-use, yet powerful, free analysis resources consisting of standalone programs and web interfaces for use with Windows, Mac OS X, and Linux"--
650 0 _aLinguistic analysis (Linguistics)
_xDatabases.
650 0 _aLinguistic analysis (Linguistics)
_xSoftware.
650 0 _aCorpora (Linguistics)
_xMethodology.
650 0 _aCorpora (Linguistics)
_xTechnological innovations.
650 0 _aComputational linguisitics
_xMethodology.
650 0 _aComputer network resources
_xEvaluation.
650 0 _aCitation of electronic information resources.
650 7 _aLANGUAGE ARTS & DISCIPLINES / Linguistics / General.
_2bisacsh
776 0 8 _iOnline version:
_aWeisser, Martin, author.
_tPractical corpus linguistics
_bFirst edition.
_dHoboken, NJ : Wiley-Blackwell, 2015
_z9781118831908
_w(DLC) 2015034727
856 4 2 _3Cover image
_uhttp://catalogimages.wiley.com/images/db/jimages/9781118831878.jpg
906 _a0
_bvip
_corignew
_d1
_eecip
_f20
_gy-gencatlg
942 _2lcc
_cBK
999 _c306679
_d306679